000 00429nam a2200205Ia 4500
001 12030
003 GE_BSU
008 181216s||||||||xx |||||||||||||| ||und||
020 _a0747266905
040 _cGE_BSU
080 _a821.111-312.4
100 _aPatterson,James
245 _a1st to die.
260 _aLondon
260 _bHeadline
260 _c2004.
300 _a468p;18cm.
653 _a1st to die.
942 _cBK
999 _c45207
_d45207